Top 10 Islamic Countries with the Lowest Life Expectancy - Statistics

General Stats
  • This quiz has been taken 80 times
  • The average score is 7 of 10
Answer Stats
Life Expectancy 2020 Islamic Country % Correct
57.50 Years Somalia
94%
62.53 Years Niger
88%
54.35 Years Chad
79%
59.44 Years Mali
79%
54.81 Years Nigeria
72%
61.68 Years Guinea
66%
61.74 Years Burkina Faso
62%
62.23 Years Gambia
59%
54.81 Years Sierra Leone
53%
64.40 Years Comoros
44%
No matching quizzes found
Score Distribution
Percent of People with Each Score
Percentile by Number Answered
Your Score History
You have not taken this quiz